Designing world class corporate strategies : (Record no. 3510)
[ view plain ]
| 000 -LEADER | |
|---|---|
| fixed length control field | 00601nam a22001697a 4500 |
| 020 ## - ISBN | |
| International Standard Book Number | 0750663685 |
| 020 ## - ISBN | |
| International Standard Book Number | 9780750663687 |
| 050 ## - LIBRARY OF CONGRESS CALL NUMBER | |
| Classification Number | HD58.9 |
| Item Number | .W259 2005 |
| 100 ## - MAIN ENTRY--Author | |
| Personal name | Ward, Keith,; |
| 245 ## - TITLE | |
| Title | Designing world class corporate strategies : |
| Remainder of title | Value-creating roles for corporate centres |
| 260 ## - PUBLICATION, DISTRIBUTION, ETC.(IMPRINT) | |
| Place of publication, distribution, etc | Amsterdam ; Boston : |
| Name of publisher, distributor, etc | Elsevier Butterworth-Heinemann, |
| Date of publication, distribution, etc | 2005. |
| 300 ## - PHYSICAL DESCRIPTION | |
| Extent | xii, 299 p. : |
| 500 ## - GENERALNOTE | |
| General note | ill. ; 25 cm.<br/>includes index. |
| 650 ## - SUBJECT--TOPIC | |
| Topical term following geographic name as entry element | Strategic planning, Organizational effectiveness. |
| Form subdivision | Book : |
| General subdivision | English |
| 700 ## - ADDED ENTRY--PERSONAL AUTHOR | |
| Personal Name | Prammer, J.; Schopper, F.; Bowman, Cliff |
| 942 ## - ADDED ENTRY ELEMENTS(KOHA) | |
| Koha item type | General circulation |
| Source of classification or shelving scheme | Not for loan | Location (home branch) | Sublocation (holding branch) | Date accessioned | Cost, normal purchase price | Full call number | Barcode | Cost, replacement price | Koha item type | Public note |
|---|---|---|---|---|---|---|---|---|---|---|
| Library of Congress Classification | Main Campus Library | Main Campus Library | 12/09/2014 | 2682.21 | HD58.9 .W259 2005 | 2016/010088 | 3182.00 | General circulation | leo |